000 00394pab a2200145 454500
008 180718b2004 xxu||||| |||| 00| 0 eng d
100 _aPerera, Jayantha
245 _aFarmer's behaviour in rice irrigation in monsoon Asia: facts and fallacies
260 _c2004
300 _ap.145-61.
362 _aJan-Jun
650 _aPeasantry
773 _aSouth Asia Economic Journal
909 _a60642
999 _c60642
_d60642